ბათუმის შოთა რუსთაველის სახელმწიფო უნივერსიტეტის ბიბლიოთეკა

ლაბორატორიული სამუშაოები ლითონის კონსტრუქციებში / (ბიბ.ჩანაწერი № 35717)

000 -ლიდერი
ფიქსირებული სიგრძის საკონტროლო ველი 01156nam a2200265Ia 4500
001 - საკონტროლო ნომერი
საკონტროლო ველი 1590
003 - საკონტროლო ნომრის იდენტიფიკატორი
საკონტროლო ველი GE_BSU
005 - ბოლო ოპერაციის თარიღი და დრო
საკონტროლო ველი 20221205104950.0
008 - ფიქსირებული სიგრძის მონაცემთა ელემენტები - ზოგადი ინფორმაცია
ფიქსირებული სიგრძის საკონტროლო ველი 181216s2007||||ge |||||||||||||| ||geo||
020 ## - წიგნის საერთაშორისო სტანდარტული ნომერი
International Standard Book Number 97899994095278
040 ## - კატალოგიზაციის წყარო
Transcribing agency GE_BSU
041 ## - ენის კოდი
Language code of text/sound track or separate title geo
080 ## - უნივერსალური ათობითი კლასიფიკაციის ინდექსი
Universal Decimal Classification number 624.014(072) მ-53
100 ## - მთავარი ჩანაწერი - პიროვნების სახელი
Personal name მელაშვილი, ი.
9 (RLIN) 16336
245 ## - ცნობა სათაურის შესახებ
Title ლაბორატორიული სამუშაოები ლითონის კონსტრუქციებში /
Statement of responsibility, etc ი. მელაშვილი, თ. მელქაძე, ო. ტყეშელაშვილი ; სტუ.
264 ## - წარმოების, გამოცემის, დისტრიბუციის და სხვა ცნობები
გამოცემის, წარმოების, დისტრიბუციის... ადგილი თბილისი :
გამოცემის, წარმოების, დისტრიბუციის... სახელწოდება ტექნ. უნ-ტი,
გამოცემის, წარმოების, დისტრიბუციის... თარიღი 2007.
300 ## - ფიზიკური აღწერა
Extent 19 გვ.;
Other physical details 28 სმ.
504 ## - BIBLIOGRAPHY, ETC. NOTE
Bibliography, etc ბიბლიოგრ.: გვ. 20.
653 ## - INDEX TERM--UNCONTROLLED
Uncontrolled term ლითონის კონსტრუქციები
653 ## - INDEX TERM--UNCONTROLLED
Uncontrolled term მეთოდური სახელმძღვანელო
700 ## - ADDED ENTRY--PERSONAL NAME
Personal name მელქაძე, თ.
Relator term ავტორი
9 (RLIN) 16337
700 ## - ADDED ENTRY--PERSONAL NAME
Personal name ტყეშელაშვილი, ო.
Relator term ავტორი
9 (RLIN) 16338
942 ## - ADDED ENTRY ELEMENTS (KOHA)
Koha item type წიგნი
Source of classification or shelving scheme
ეგზემპლარები
ჩამოწერის სტატუსი დაკარგული ეგზემპლარის სტატუსი კლასიფიკაციის წყარო ან თაროზე გაწყობის სქემა დაზიანების სტატუსი არ გაიცემა მუდმივი მდებარეობა (დაცვის ადგილი) ამჟამინდელი ადგილსამყოფელი თაროზე განთავსების ადგილი შეძენის თარიღი ღირებულება, შესყიდვის ნორმალური ფასი სრული შენახვის შიფრი შტრიხკოდი ბოლო ოპერაციის თარიღი ეგზემპლარის მიმდევრობითი ნომერი (კეტერი?) ფასის ძალაში შესვლის თარიღი ეგზემპლარის სახეობა საჯარო შენიშვნა
          ტექნოლოგიური ფაკულტეტის ბიბლიოთეკა ტექნოლოგიური ფაკულტეტის ბიბლიოთეკა წიგნსაცავი 2018-12-17 3.00 624.014(072) მ-53 3038 2018-12-17 3038 2018-12-17 წიგნი 3 ლ.